| 000 | 00432nam a22001697a 4500 | ||
|---|---|---|---|
| 005 | 20230811113423.0 | ||
| 008 | 230811b |||||||| |||| 00| 0 eng d | ||
| 020 | _a 9788131502549 | ||
| 082 |
_a006.896 _bWAT-I |
||
| 100 | _aWatkins,Adam | ||
| 245 | _aIntroduction to 3D Graphics and Animation Using Maya | ||
| 260 |
_aIndia _bCenagage _c2006 |
||
| 300 | _a453 pages | ||
| 500 | _aInclude Index. | ||
| 650 | _aMisc | ||
| 999 |
_c33240 _d33240 |
||